Film che iniziano per S - Statistics

Statistiche generali
  • Questo quiz è stato fatto 116 volte
  • Il punteggio medio è 10 su 20
Statistiche sulle risposte
Descrizione Film % Corretto
Il morso di un aracnide radioattivo conferisce al protagonista poteri straordinari. Spiderman
89%
Il film sul detective londinese più famoso di tutti e il suo amico-collega, medico congedato dall'esercito. Sherlock Holmes
84%
Un ex cestita aiuta dei simpatici personaggi dei cartoni animati a sconfiggere sul campo da basket degli astuti alieni. Space Jam
79%
Un imprenditore tedesco e membro del partito nazista utilizza la sua posizione e la sua fabbrica per salvare la vita di più di mille ebrei. Schindler’s list - La lista di Schindeler
74%
Una principessa aspetta che il suo principe azzurro la liberi, ma le cose non vanno come si immaginava e a salvarla è una creatura verde che viene da una palude. Shrek
71%
Un serial killer uccide le vittime sottoponendole a giochi mortali. Saw - L’enigmista
70%
Una cantante è testimone di un omicidio. La polizia per proteggerla la manda in un convento dove è costretta a spacciarsi per suora. Sister Act - Una svitata in convento
61%
Un agente federale e il suo collega si recano su un remota isola, dove si trova un manicomio per detenuti, per indagare sulla scomparsa di una paziente. Shutter Island
58%
Shakespeare si innamora di Viola, un'aspirante attrice. Ella, travestitasi da uomo, riesce a ottenere una parte nella nuova opera di Shakespeare. Shakespeare in love
57%
Jack si trasferisce insieme alla sua famiglia in un hotel isolato a cui deve fare da custode invernale. A poco a poco quel luogo fa perdere il senno al protagonista. Shining
57%
Tony, spinto dalla sua ambizione e dalla sua voglia di potere, si fa strada nel mondo del traffico di droga nella Miami degli anni '80. Scarface
53%
Una coppia, dopo una relazione tumultuosa, decide di intraprendere un drastico passo: cancellare i ricordi l'uno dell'altra dalla propria mente. Se mi lasci ti cancello
51%
Un misterioso assassino mascherato inizia a perseguitare Sydney e i suoi amici, uccidendo le persone intorno a loro. Scream
46%
Nel 1944 un alpinista austriaco fugge su un altopiano tra Cina, Bhutan e India. Lì vi rimane fino al 1951, dove familiarizza con le tradizioni e con il capo spirituale. Sette anni in Tibet
43%
Un 14enne viene scelto da un mago, che gli conferisce la capacità di trasformarsi in un supereroe adulto semplicemente pronunciando il suo nome. Shazam!
42%
Ben, convinto a redimersi, contatta sette persone che hanno bisogno di aiuto. Sette Anime
34%
Un giovane detenuto romano è vittima della violenza e della brutalità della polizia. Sulla mia pelle
27%
Nicole decide di divorziare dal marito. Attraverso una serie di conversazioni e confronti, emerge come un matrimonio possa evolversi nel tempo. Storia di un matrimonio
19%
Susy, una ballerina americana, si trasferisce in una prestigiosa ma inquietante accademia di danza a Friburgo, in Germania. Suspiria
18%
Due ragazzini si guadagnano da vivere lucidando scarpe in una Napoli devastata dalla Seconda Guerra Mondiale. Sciuscià
16%
Nessun quiz corrispondente trovato
Distribuzione punteggi
Percentuale di utenti per punteggio
Percentile per numero di risposta
I tuoi punteggi nel tempo
Non hai fatto questo quiz